Modern microeconomics (Record no. 9148)

MARC details
000 -LEADER
fixed length control field 00461cam a2200193ua 4500
001 - CONTROL NUMBER
control field 10160
005 - DATE AND TIME OF LATEST TRANSACTION
control field 20260515114556.0
008 - FIXED-LENGTH DATA ELEMENTS--GENERAL INFORMATION
fixed length control field 170821n enk |||gr||||Z||||||eng
020 ## - INTERNATIONAL STANDARD BOOK NUMBER
International Standard Book Number 0333253493
040 ## - CATALOGING SOURCE
Transcribing agency MAIN
082 ## - DEWEY DECIMAL CLASSIFICATION NUMBER
Classification number 338.5
100 ## - MAIN ENTRY--PERSONAL NAME
Personal name Koutsoyiannis, A,
Relator term Author.
245 ## - TITLE STATEMENT
Title Modern microeconomics
Statement of responsibility, etc. By A Koutsoyiannis
250 ## - EDITION STATEMENT
Edition statement 2nd ed.
260 ## - PUBLICATION, DISTRIBUTION, ETC.
Place of publication, distribution, etc. London:
Name of publisher, distributor, etc. Macmillan,
Date of publication, distribution, etc. 1979.
300 ## - PHYSICAL DESCRIPTION
Extent 581p.
653 ## - INDEX TERM--UNCONTROLLED
Uncontrolled term Microeconomics
942 ## - ADDED ENTRY ELEMENTS (KOHA)
Koha item type Books
Holdings
Withdrawn status Lost status Damaged status Not for loan Home library Current library Shelving location Date acquired Total checkouts Full call number Barcode Date last seen Copy number Price effective from Koha item type
        Naharkatiya College Library Naharkatiya College Library General stacks 09/19/2020   338.5Microeconomics | KOU 2242 09/19/2020 1 09/19/2020 Books
        Naharkatiya College Library Naharkatiya College Library General stacks 09/19/2020   338.5Microeconomics | KOU 2243 09/19/2020 2 09/19/2020 Books